| 000 | 00717nam a2200229Ia 4500 | ||
|---|---|---|---|
| 005 | 20260429111856.0 | ||
| 008 | 260429s9999||||xx |||||||||||||| ||und|| | ||
| 020 | _a9781782625407 | ||
| 041 | _aEnglish | ||
| 082 |
_a620.5 _bBAN |
||
| 100 | _aBanerjee, Rahul | ||
| 245 | 0 |
_aFunctional supramolecular materials : _bfrom surfaces to MOFs / _cRahul Banerjee |
|
| 260 |
_aCambridge : _bRoyal Society of Chemistry, _c2017. |
||
| 300 | _axiv, 461 p.; pbk | ||
| 440 | _aMonographs in Supramolecular Chemistry, Volume 22 | ||
| 650 | _a Functional materials | ||
| 650 | _a Metal-organic frameworks | ||
| 650 | _a Nanomaterials | ||
| 650 | _a Surface chemistry | ||
| 650 | _aSupramolecular chemistry | ||
| 942 | _cTB | ||
| 999 |
_c51237 _d51237 |
||